00713nam a2200241 a 4500001001300000003000900013005001700022008004100039020001100080082001300091100002100104245008100125260002800206300000900234500003500243505001000278650000800288700002100296902000800317942000700325952012400332999001500456nice12345678IN_TiNIC20260116012610.0050524s1969 lona grp 000 0 eng  ac93.800a231bJEN aJenkins, David E aLiving With Questionsb Investigations into the Theory and Practice of Belie aLondonbSCM Pressc1969 a242p aincludes index and biblioraphy2 aIndex aGod1 aJenkins, David E bSRS cBK 001040708StackRoom-aHMIbHMId2007-06-14g93.80l1o231 JENp011116r2023-08-23s2023-08-16v93.80w2005-05-24yBK c7609d7609